Statistics for Top 15 Countries with Covid-19 Deaths - 13 August

Click here to take the quiz!

General Stats

  • This quiz has been taken 13 times
  • The average score is 15 of 20

Answer Stats

country% Correct
Brazil
92%
India
92%
Italy
92%
Mexico
92%
United Kingdom
92%
United States
92%
France
83%
Russia
83%
Spain
83%
Colombia
75%
Iran
75%
Belgium
67%
Chile
67%
Peru
67%
Sweden
67%
Ecuador
58%
Ireland
58%
Netherlands
58%
Panama
58%
South Africa
58%

Score Distribution

Percentile by Number Answered

Percent of People with Each Score

Your Score History

You have not taken this quiz